000 00726nam a22002297a 4500
003 UA-OsUOA
001 38275
007 ta
008 20071126b un ||||| |||| 00| 0 ukr d
090 _a94(477).066-067
_bУ45
942 _cBK
040 _aUA-OsUOA
_bukr
_cUA-OsUOA
_dUA-OsUOA
245 _aУкраїнська Галицька Армія. У 40-річчя її участи у визвольних змаганнях в 1918 - 1920 рр.
_bТ. 2
300 _a383 с.
955 _a1
041 _aukr
080 _a94(477).066-067
260 _aВінніпег
_c1960
246 3 1 _aМатеріяли до історії
650 7 _a9 Географія. Біографії. Історія
_2UDC
999 _c436793
_d436793